000 00866nam a2200241 a 4500
001 000004311
005 20200929151426.0
008 090721s1986 dr 000 0 spa d
040 _aDO-SdBNP
_bspa
_cBNPHU
082 _a155.7
_bG934o
100 1 _aGuerrero Gómez, J. A.
_912725
245 1 0 _aOrigen del hombre :
_bprimer enfoque psicológico de las causas que produjeron los atributos físico- psicológicos que caracterizan al ser humano /
_cJ. A. Guerrero Gomez.
260 _aSanto Domingo :
_bAlfa y Omega,
_c1986.
500 _aIncluye índice
650 4 _aPsicología comparada
_912726
650 4 _aEvolución
_97386
650 4 _aOrigen del ser humano
_912727
650 4 _aSexo (psicología)
_9153
650 4 _aPlacer
_912728
650 4 _aSensualidad
_912729
650 4 _aPsicología genetica
_912730
910 _avalidado control de calidad Mfileto
999 _c4120
_d4120